भारतीय इतिहास में विज्ञान / (Record no. 119997)
[ view plain ]
| 000 -LEADER | |
|---|---|
| fixed length control field | 01116nam a22002537a 4500 |
| 005 - DATE AND TIME OF LATEST TRANSACTION | |
| control field | 20170124103151.0 |
| 010 ## - LIBRARY OF CONGRESS CONTROL NUMBER | |
| LC control number | B-145442 |
| 020 ## - INTERNATIONAL STANDARD BOOK NUMBER | |
| Terms of availability | 250.00 |
| International Standard Book Number | 8185726744 |
| 035 ## - SYSTEM CONTROL NUMBER | |
| System control number | B-145442 |
| 037 ## - SOURCE OF ACQUISITION | |
| Source of stock number/acquisition | Cen Lib/Ret |
| 040 ## - CATALOGING SOURCE | |
| Original cataloging agency | DPL |
| Language of cataloging | HN |
| 082 ## - DEWEY DECIMAL CLASSIFICATION NUMBER | |
| Classification number | 500 |
| Item number | मुल्लेगु |
| 100 ## - MAIN ENTRY--PERSONAL NAME | |
| Personal name | मुल्ले, गुणाकार |
| 9 (RLIN) | 88029 |
| 245 ## - TITLE STATEMENT | |
| Title | भारतीय इतिहास में विज्ञान / |
| Statement of responsibility, etc | गुणाकार मुल्ले |
| 246 ## - VARYING FORM OF TITLE | |
| Title proper/short title | bhartiya itihas me vigyaan / |
| Remainder of title | by Gunakar Mulle |
| 260 ## - PUBLICATION, DISTRIBUTION, ETC. (IMPRINT) | |
| Place of publication, distribution, etc | दिल्ली |
| Name of publisher, distributor, etc | यात्री प्रकाशन |
| Date of publication, distribution, etc | 2005 |
| 270 ## - ADDRESS | |
| City | दिल्ली |
| Address | बी-131, सादतपुर, पो. गोकुलपुरी |
| Postal code | 110094 |
| 300 ## - PHYSICAL DESCRIPTION | |
| Extent | 219पृ.: |
| Dimensions | 18सेमी(सजिल्द ) |
| Other physical details | सचित्र |
| 650 ## - SUBJECT ADDED ENTRY--TOPICAL TERM | |
| Topical term or geographic name as entry element | विज्ञान और समाज |
| General subdivision | |
| Geographic subdivision | |
| 9 (RLIN) | 88030 |
| 650 ## - SUBJECT ADDED ENTRY--TOPICAL TERM | |
| Topical term or geographic name as entry element | विज्ञान--इतिहास |
| 9 (RLIN) | 239 |
| 650 ## - SUBJECT ADDED ENTRY--TOPICAL TERM | |
| Topical term or geographic name as entry element | Science and Society |
| 9 (RLIN) | 88031 |
| 650 ## - SUBJECT ADDED ENTRY--TOPICAL TERM | |
| Topical term or geographic name as entry element | Science - History |
| 9 (RLIN) | 17841 |
| 942 ## - ADDED ENTRY ELEMENTS (KOHA) | |
| Source of classification or shelving scheme | Dewey Decimal Classification |
| Koha item type | Hindi Books |
| Classification part | 500 |
| Call number suffix | मुल्लेगु |
| Withdrawn status | Lost status | Damaged status | Not for loan | Home library | Current library | Date acquired | Source of acquisition | Cost, normal purchase price | Total Checkouts | Full call number | Barcode | Date last seen | Copy number | Cost, replacement price | Price effective from | Koha item type |
|---|---|---|---|---|---|---|---|---|---|---|---|---|---|---|---|---|
| Central Library | Central Library | 19/09/2015 | Cen Lib/Ref | 250.00 | 500 मुल्लेगु | B-145442 | 19/09/2015 | 1 | 250.00 | 19/09/2015 | Hindi Books |
